Teufel - Damonen - Besessenheit: zur Wirklichkeit des Bösen

Guardat en:
Dades bibliogràfiques
Autor principal: Kasper, Walter (autor)
Altres autors: Lehmann Hartleben, Karl (autor)
Format: Llibre
Idioma:alemany
Publicat: Mainz Matthias Grunewald 1987
Edició:1a. ed
Col·lecció:Grunewald Reihe
Matèries:
Etiquetes: Afegir etiqueta
Sense etiquetes, Sigues el primer a etiquetar aquest registre!

MARC

LEADER 00000cam a2200000 a 4500
001 UCE8134
003 CL-VaPUC
008 150728e19870000gw |||||||||||||||||ger|d
020 |a 3786706727 
082 0 4 |a 235.47  |b KAS  |2 21 
100 |a Kasper, Walter  |e autor  |9 597382 
700 |a Lehmann Hartleben, Karl  |e autor  |9 584877 
245 1 0 |a Teufel - Damonen - Besessenheit: zur Wirklichkeit des Bösen 
250 |a 1a. ed 
300 |a 148 p 
942 |c BK 
945 |d 20150728 02:04:00  |a dcastane 
260 |a Mainz  |b Matthias Grunewald  |c 1987 
650 0 |a Diablo   |9 321430 
650 0 |a Teología cristiana  |9 308336 
650 0 |a Bien y mal   |9 311093 
583 |a last modification  |c 20150728 02:04:00  |k Rodrigo Vera 
490 0 |a Grunewald Reihe 
999 |c 360084  |d 360082 
952 |0 0  |1 0  |3 erb  |4 0  |6 235_470000000000000_KAS_1987  |7 0  |8 A  |9 469723  |a BIBTEO  |b BIBTEO  |e Casale Rolle, Carlos Ignacio, -2014  |i 5185084  |o 235.47 KAS 1987  |p 5185084  |r 2025-01-17  |w 2019-11-23  |y BK  |z Catalogado en:20150728  |k ICR